Jeux Vidéos D'Ubisoft - Statistiques

Statistiques générales
  • Ce quiz a été pris 338 fois
  • Le résultat moyen est 8 sur 30
Statistiques - réponses
Réponse % Correct
Assassin's Creed
91%
Assassin's Creed 2
50%
Assassin's Creed 3
48%
Assassin's Creed Black Flag
43%
Assassin's Creed Valhalla
42%
Assassin's Creed Odyssey
41%
Assassin's Creed Origins
41%
Assassin's Creed Unity
40%
Rainbow Six Siege
34%
Assassin's Creed Syndicate
33%
Far Cry 3
33%
Far Cry 4
33%
Far Cry 5
32%
Far Cry 2
31%
Assassin's Creed Rogue
29%
Far Cry 6
29%
Watch Dogs 2
21%
Far Cry Primal
18%
Watch Dogs Legion
18%
Splinter Cell
16%
The Division
16%
Watch Dogs 1
14%
Just Dance
12%
Far Cry New Dawn
11%
The Division 2
11%
Ghost Recon Breakpoint
8%
For Honor
7%
Ghost Recon Widlands
2%
Rainbow Six Extraction
2%
Immortals Fenyx Rising
1%
Aucun quiz correspondant
Distribution des résultats
% des personnes avec chaque résultat
Percentile par nombre de réponses
Votre historique - résultats
Vous n’avez pas pris ce quiz